000 00268nam a2200121Ia 4500
008 190216s9999||||xx |||||||||||||| ||und||
100 _aArun Kumar Jain
245 0 _aHindi-Samjog
260 _bPunya Prakashan
_c2012
300 _a152
650 _aHindi
942 _cBK
999 _c16751
_d16751